| 000 | 00581 a2200169 4500 | ||
|---|---|---|---|
| 999 |
_c8763 _d8763 |
||
| 020 | _a9780414023284 | ||
| 050 | _aKD750 PRO 2012 | ||
| 100 |
_a Probert, Rebecca _eauthor |
||
| 245 |
_a Cretney and Probert's family law / _cRebecca Probert; Stephen Michael Cretney |
||
| 264 |
_aLondon : . _bSweet & Maxwell, _c2012 |
||
| 300 | _axcii, 463 pages ; 25 cm. | ||
| 440 | _aSweet & Maxwell's textbook series. | ||
| 500 | _alncludes index Previous edition: 2009. | ||
| 650 | _aDomestic relations -- England. | ||
| 650 | _aDomestic relations -- Wales. | ||
| 942 |
_2lcc _cBK _h750 _iPRO _kKD |
||